[Event "Biel MTO op 48th"]
[Site "Biel"]
[Date "2015.07.28"]
[Round "8"]
[White "Sutovsky, Emil"]
[Black "Bartel, Mateusz"]
[Result "1-0"]
[WhiteElo "2619"]
[BlackElo "2631"]
[Annotator "Sutovsky,E"]
[PlyCount "67"]
[EventDate "2015.07.20"]
[EventType "swiss"]
[EventRounds "11"]
[EventCountry "SUI"]
[SourceTitle "CBM 168"]
[Source "ChessBase"]
[SourceDate "2015.09.14"]
[SourceVersion "1"]
[SourceVersionDate "2015.09.14"]
[SourceQuality "1"]

1. e4 e5 {Mateusz can play virtually any opening against 1.e4 , and it was
very difficult to guess his choice for the particular game. I did check some
lines in Ruy Lopez, but not the one that appeared on the board...} 2. Nf3 Nc6
3. Bb5 a6 4. Ba4 Nf6 5. O-O Bc5 {This one came as a surprise. I took a couple
of minutes, trying to understand, what could Black's intentions be, but
without much hesitation decided to play in the most ambitious way.} 6. c3 O-O {
Another surprise. He opts for a rare line, which was played several times by
Alexander Onischuk - a line which doesn't have a good reputation, partly due
to my own win against an American grandmaster...} 7. d4 Ba7 {And here I was
again at the crossroads. The critical move 8..Bg5 brought me two convincing
victories against GMs Onischuk and Nabaty, but this idea is connected with a
piece sacrifice, and it was logical to expect Bartel's novelty there. At the
same time, White does have a decent alternative on move eight, which leads to
a tangible, even if not a big advantage. Of course, I haven't repeated this
line for a long time, but I remembered, that computers tend to under-estimate
White's attacking potential, and convinced myself, that my analysis were
correct, whereas Mateusz might have been relying on the engine's evaluation
without delving too much into the position...Hence I opted for the most
ambitious approach.} 8. Bg5 (8. dxe5 Nxe4 9. Qd5 Nc5 10. Bc2 Ne7 11. Qd1 $14)
8... h6 9. Bh4 exd4 10. cxd4 {Here I had a last chance to deviate from the
following piece sacrifice. Actually, I did remember about this suggestion of
the computer, but it never impressed me. Later on, while preparing these
annotations, I discovered that Naiditsch had already played it against
Andreikin. Anyway, with A and B being said, it was logical to continue with C,
and 10. cd4 was played :)} d6 ({The immediate} 10... g5 11. Nxg5 hxg5 12. Bxg5
{is just bad for him. After} Bxd4 13. Nc3 b5 14. Nd5 bxa4 15. Qf3 Nxd5 16. Bxd8
Nxd8 17. exd5 {Black is doomed}) ({Black has tried} 10... b5 11. e5 $1 ({
which actually leads to very complex play after} 11. Bb3 g5 (11... d6 12. Bd5
$1) 12. Nxg5 hxg5 13. Bxg5 Bxd4 14. Nc3 Qe8 $1 15. Nd5 Nh7 $1 {, but White has
a stronger option on move 11.}) 11... bxa4 12. Nc3 {with a very dangerous (or
maybe simply bad) position for Black. For example} d5 ({probably the most
stubborn is} 12... g5 {although after} 13. Nxg5 Nh7 $1 14. Nf3 $1 f6 15. Nd5
Bb7 {White has a lot of options, which are evaluated between 0.2 to 0.8
depending on the engine you use and time you allocate...}) 13. exf6 g5 {
and here there is a very beautiful geometrical motif} 14. Bxg5 $1 hxg5 15. Qc1
$1 Qxf6 16. Nxd5 Qh6 17. Qxc6 Qxc6 18. Ne7+ Kg7 19. Nxc6 {with a huge
advantage in the endgame}) 11. Bxc6 bxc6 12. Nbd2 {We are still following my
games from 2010 and 2012. Onischuk played 12...g5, Nabaty opted for the more
modest 12...Re8, but after 13. Qa4! found nothing better than 13...g5,
transposing to the game with Onischuk.} g5 {Still played quickly, but after}
13. Nxg5 hxg5 14. Bxg5 {the Polish grandmaster started thinking. Later on,
Mateusz explained that he just missed my games - probably checking just the
most recent games during the preparation... Anyway, after some thought Black
made the strongest move.} Bxd4 (14... Re8 {was played by Onischuk. Now} 15. e5
(15. Qa4 $1) 15... dxe5 16. Ne4 Nxe4 17. Bxd8 Rxd8 18. Qh5 $1 {might be better
for White, but it is not very clear. However after the strongest 15.Qa4! which
I found after spending half an hour over the board back in 2010, Black is in
very serious trouble. The games with Onischuk and Nabaty confirm it, as do the
chess engines, once you allow them some time to investigate the position.}) 15.
Nf3 {Clearly the best option. After} (15. Nb3 {Black just removes the bishop,
not allowing White to play f2-f4} Bb6 {and White has nothing better than} 16.
e5 Bg4 17. Qd3 dxe5 18. Qxd8 Raxd8 19. Bxf6 Rd5 {with a very good ending for
Black}) 15... Bxb2 {once again the strongest. It has to be said, that Mateusz
displayed excellent defence for a long time, but finding the only move on
every move is a very diffcult task...} (15... Bb6 16. e5 dxe5 17. Qxd8 Rxd8 18.
Bxf6 {leads to a miserable ending for Black}) (15... c5 16. Nxd4 cxd4 17. Qf3
Kg7 18. e5 {A nice geometrical motif. Suddenly it is the rook on a8 which is
hanging, and this fact (and not an attack on the kingside!) decides the fate
of the game. Remarkable, isn't it?}) 16. Rb1 Qd7 $1 {Once again the best
defence! After} (16... Be5 17. Nxe5 dxe5 18. Qxd8 Rxd8 19. Bxf6 Re8 {Black is
not just worse, he is losing -} 20. f4 $1 {securing the mighty bishop on f6,
and then bringing the rooks in. Black has no hope.}) (16... Bc3 17. Rb3 Qd7 18.
Rxc3 Nxe4 19. Re3 {looks grim for Black as well}) 17. Rxb2 {An important
decision. I was looking for something decisive, and declined the clear path to
a tangible edge:} (17. e5 Bxe5 18. Nxe5 dxe5 19. Bxf6 Qxd1 20. Rfxd1 {as I
wasn't convinced White has a serious advantage here. Actually, he does! On the
contrary, 17.Rb2 leads to complex play, where White is better, but both sides
have to be extremely precise. Choosing the more ambitious move paid off in the
end, but if we talk about theoretical value of this game - 17.e5 leads to a
clear advantage in the endgame, effectively shutting down the whole line for
Black.}) 17... Nxe4 18. Bh6 Re8 {Another critical moment. I decided to regroup
my pieces, preparing for an attack. However, if we talk about objective
evaluation, the stronger option was 19.Qd4! - let's look at all the
alternatives:} 19. Nd4 $5 (19. Ng5 Qf5 (19... Nxg5 20. Bxg5 Qg4 21. Qc1 {
is unpleasant for Black as the queen is stuck on g4}) 20. Rb3 (20. Re1 Qg6 (
20... Bd7 {also possible and leads to the same position}) 21. Nxe4 Rxe4 22.
Rxe4 Qxe4 23. Rb3 Bf5 {and Black's centralisation helps him to survive.}) 20...
Qg6 21. Nxe4 Rxe4 22. Qc1 Rg4 23. Qxc6 Qe4 24. Qxe4 Rxe4 {and black shall hold
it without much of a problem}) (19. Nd2 {I wanted to play this one, but
noticed in time the refutation:} Nc3 $1 20. Qf3 Ne2+ 21. Kh1 Qg4 {and Black is
better!}) (19. Qd4 $1 {The strongest!} f5 (19... f6 20. Re2 d5 {was also
unclear to me, but engines indicate} 21. Nd2 c5 22. Qa1 $1 {although I am not
sure how bad Black's position is after the cold-blooded} Kf7) 20. Qc4+ Kh7 {
and here I didn't see anything, but computer insists that White is much better
after} 21. Qc1 $1) 19... c5 20. f3 $1 (20. Qc1 $5 cxd4 21. f3 $1 {is a
computer's suggestion. I haven't even considered it - but actually , after 20..
.Kh7 Black should be OK.}) 20... Nf6 21. Ne2 Qf5 22. g4 {that's the whole
point of the "perestroika" launched by Nf3-d4 move. The knight will go to f4
and then g4-g5-g6... But of course, Black is not doomed, and I was calculating
the lines after 22...Qe5, when Mateusz quickly played} Qg6 $2 (22... Qe5 $1 {
was much better. I intended to continue} 23. Qc1 {followed by Ng3 (Nf4) i Re2.
Engines are not impressed, parrying it all with a series of precise moves:} Bd7
24. Ng3 (24. Nf4 Bb5 25. Rd1 Qe3+ 26. Qxe3 Rxe3) 24... Nd5 $1 {very strong
move, providing a vital square for the queen. Now it is very messy - White
always has some threats, but Black keep finding the defence. Well, it is a
computer. For a human being it is far from evident...} 25. Re2 (25. Rd1 Bc6 (
25... Nc3 26. Bf4 $1) 26. Nf5 (26. Re2 Qf6 27. Ne4 Qg6) 26... Re6 $1) 25... Qf6
$1 26. Re4 $1 {retaining the pressure} (26. Bg5 Qg6 $1 (26... Qd4+ 27. Ref2 Nb4
28. Rd1 $1 Nd3 29. Rxd3 Qxd3 30. Nh5 {with a very dangerous attack, whatever
your engine thinks about it.}) 27. h4 f6 {and White won't get to the black
king.}) 26... Qg6 27. Qd2 Rxe4 28. Nxe4 Nf6 29. Ng3 {with very good
compensation. But after the strongest 26...Re6! the computer actually claims
Black is better. It might be true, although I am not sure how to evaluate the
position, where Black has an extra doubled pawn, but has to find a precise
defence move after move... Anyway, 22...Qe5 was clearly the strongest, and
even 22...Qh7 was stronger than the move in the game.}) 23. Bc1 $1 {continuing
the plan. The bishop is relocated to the a1-h8 diagonal. Of course, I had to
make sure, that N:g4 never works (actually Black played 22...Qg6 having the N:
g4 idea in mind, not noticing a powerful responce)} Bd7 (23... Nxg4 24. Kh1 $1
{Very strong riposte. Now the g-file is opened, and Black is in trouble.} Qh7
$1 {the only chance, now} {after} 25. Nc3 $1 (25. fxg4 Qe4+ 26. Kg1 Qxg4+ (
26... Bxg4 27. Qb3 $1) 27. Ng3 Qxd1 28. Rxd1 Bg4 {is not too bad for Black,
but...}) 25... Nf6 26. Bg5 Nh5 27. Rg1 {White breaks through}) 24. Nf4 Qh7 25.
Rg2 $1 {carefully preparing the final assault} (25. g5 Nh5) (25. a4 {is not a
sort of move you should spend a tempo on. in such a position!}) 25... Bb5 {
The final mistake! Amazingly, Black is still kicking after} (25... Qh4 $1 {
in order to meet} 26. g5 (26. Bb2 $5) {with} 26... Nh5 {now a funny line} 27.
Rg4 $1 Bxg4 28. Ng2 Qh3 $1 (28... Bxf3 29. Qxf3 Qd4+ 30. Be3 Rxe3 31. Nxe3 Rf8
32. Kh1 Ng7 33. Ng4 {is bad for Black}) 29. fxg4 Ng7 30. Nf4 Qc3 31. Nd5 Qd4+
32. Qxd4 cxd4 33. Nxc7 Ne6 {leads to an equal endgame. Of course, White has
loads of attacking options after 25...Qh4! , but Black seems to be holding his
own , at least not losing at once. Whereas in the game he goes down quickly.})
26. g5 Bxf1 27. Kxf1 $1 {It is very important to control the d5-square with
the queen!} (27. Qxf1 $2 Nd7 (27... Rab8 28. gxf6+ Kh8 29. Rg7) 28. g6 fxg6 29.
Qc4+ Qf7 30. Rxg6+ Kf8 {and Black is OK!}) 27... Nd7 28. g6 fxg6 29. Qd5+ Kg7 (
29... Qf7 30. Rxg6+ Kf8 31. Ne6+ Rxe6 32. Rxe6 {Do you remember this hanging
rook on a8? Once again it decides the fate of the game. If not for the hanging
rook, Black would be in time to protect everything after 32...Ne5, but this
seemingly minor detail seals the game.}) 30. Qf5 $1 {most precise, although it
was already possible to take on g6} Ne5 (30... Re5 31. Bb2 $1 {leads to a cute
position with two pins and no defence for Black}) 31. Bb2 Kh6 32. Qg5+ (32.
Nxg6 Qxg6 33. Rxg6+ Nxg6 34. Bf6 {was the cleanest way, but the move in the
text spoils nothing}) 32... Kg7 33. Nxg6 Qh6 (33... Re6 {would have prolonged
the game for 3-4 moves more, but White has several options to remain with a
clear extra piece here...}) 34. Qf5 {And now it is all over. Black resigned. 
This victory inspired me for another good game, ad the next day I managed to
beat GM Adhiban with the black pieces, basically securing victory in one of
the strongest Opens of the year.} 1-0

[Event "Linares 15th"]
[Site "Linares"]
[Date "1998.03.08"]
[Round "13"]
[White "Svidler, Peter"]
[Black "Shirov, Alexei"]
[Result "1-0"]
[WhiteElo "2690"]
[BlackElo "2710"]
[Annotator "Svidler,P"]
[PlyCount "73"]
[EventDate "1998.02.22"]
[EventType "tourn"]
[EventRounds "12"]
[EventCountry "ESP"]
[EventCategory "21"]
[SourceTitle "CBM 064"]
[Source "ChessBase"]
[SourceDate "1998.06.02"]
[SourceVersion "1"]
[SourceVersionDate "1998.06.02"]
[SourceQuality "1"]

1. e4 {Wedberg} e5 2. Nf3 Nc6 3. Bb5 a6 4. Ba4 Nf6 5. O-O b5 6. Bb3 Bc5 7. a4
Rb8 (7... Bb7 {Kasparov-Shirov; Anand-Shirov /Linares/1998/}) 8. c3 d6 9. d4
Bb6 10. Na3 Bg4 11. axb5 axb5 12. Nxb5 O-O 13. Re1 (13. Be3) 13... Bxf3 14.
gxf3 Nh5 {Wedberg: Black has given a P and hopes for play against Whites
weakened K-side.} 15. Kh1 $1 $16 {An innovation, which gives White clear
advantage.} (15. Be3 Qf6 16. Kh1 exd4 17. cxd4 Ba5 $1 18. Rg1 Rxb5 19. Ba4 Rxb2
20. Bxc6 Bb6 {1/2-1/2 Ivanchuk,V-Shirov,A/Investbanka 1997/CBM 62 (45)}) 15...
Qf6 (15... Qh4 16. Be3 exd4 17. cxd4 Ba5 18. Nc3 $16) (15... exd4 16. Nxd4 (16.
cxd4 Qf6 17. Be3 Ba5) 16... Bxd4 (16... Nxd4 17. cxd4 Qf6 18. Be3 $16) 17. cxd4
Nxd4 (17... Qf6 18. Ra4 $16) 18. Qxd4 Rxb3 19. Qd5 $1 $18) 16. Rg1 $1 Nf4 (
16... h6 17. Be3 $16) (16... exd4 17. Bg5 Qe5 18. Bd5 $16 (18. Bd5 {Wedberg}
dxc3 $1 {The point.} 19. Bxc6 Bxf2 20. Rg2 cxb2 21. Rb1 Rxb5 22. Bxb5 Qxb5 23.
Be7 Re8 24. Rxf2 Rxe7 25. Rfxb2 Qd7 $13)) 17. Be3 {White has secured his
position and can fully enjoy the advantage of an extra P.} (17. Rg4 h5 18. Rg3
exd4 19. Bxf4 (19. cxd4 Bxd4 $1 20. Nxd4 Nxd4 21. Bxf4 Nxb3) 19... Qxf4 20.
cxd4 Qf6 $13) 17... Ne6 18. Bxe6 fxe6 19. Rg3 Kh8 (19... exd4 20. Nxd4 $5 (20.
cxd4 e5 21. Bg5 $1 Qf7 22. Bh6) 20... Ne5 (20... Bxd4 21. cxd4 Rxb2 22. Rc1 Ne7
23. Bg5 $1 Qf7 24. Rxc7 $18) 21. f4 Nc4 22. Qe2 Nxe3 (22... Nxb2 23. Ra2 $18)
23. fxe3) 20. Qd3 (20. Rc1 $142) 20... exd4 21. cxd4 e5 22. d5 (22. Rc1 $2 Nxd4
23. Bxd4 exd4 24. Nxc7 $4 Rbc8 $19) 22... Ne7 23. Bxb6 Rxb6 24. Nxc7 Rxb2 (
24... Ng6 25. Ne6 Nf4 26. Qe3 $18) 25. Ne6 Rg8 26. Kg1 $1 Ng6 27. Qa3 Rb6 (
27... Rc2 $5 28. Qxd6 Nf4 29. Qd7 Ne2+ (29... Rgc8 30. Rf1 Ne2+ 31. Kg2 Nxg3
32. hxg3 {/\33.f4+-}) 30. Kg2 Nxg3 31. hxg3 Rc3 $1 32. f4 $1 exf4 33. Nxf4
Rxg3+ 34. fxg3 Qb2+ $1 (34... Qxa1 35. Ng6+ hxg6 36. Qh3#) 35. Kf3 Qc3+ 36. Ke2
Qb2+ 37. Kd3 Qb3+ 38. Kd4 Qb2+ (38... Qb4+ 39. Ke5 Qb6 $5 40. Qe7 $1 Qb2+ 41.
Ke6 Qxa1 42. Ng6+ hxg6 43. Qh4#) 39. Kc5 Qc3+ 40. Kd6 Qb4+ (40... Qf6+ 41. Qe6
Rd8+ 42. Kc7 $18) 41. Ke6 Qxe4+ 42. Kf7 g5 43. Qe6 Rg7+ 44. Kf6 Qd4+ 45. Qe5
$18) 28. Kh1 $1 {/\29.Rag1} Nf4 $6 {Now White gets another P.} (28... Nf8 $5
29. Qa7 $1 Rb3 30. Ng5 h6 31. Nf7+ Kh7 32. Rag1 $2 {/\33.N:d6} (32. Rh3 $1 {
/\33.N:h6} Rxf3 (32... Ng6 33. Rxh6+ gxh6 34. Ng5+ Kh8 35. Qh7#) 33. Ng5+ Qxg5
34. Rxf3 $18) 32... Rxf3 $1 $17) 29. Nxg7 $1 Ne2 (29... Rxg7 $4 {Wedberg} 30.
Qa8+ $18) 30. Nf5 $1 $18 {Wedberg: Brilliant, the N is as strong as a R on f5.
It threatens the black K and the weak d6-P, while at the same time protecting
the white K.} Rgb8 31. Qd3 Rb2 32. Rf1 $1 (32. Rg7 $1 {Wedberg}) 32... Ra8 (
32... Nxg3+ 33. hxg3 R2b3 34. Qd1 $1 (34. Qe2 Rb1) 34... Rb1 35. Qxb1 Rxb1 36.
Rxb1 $18) 33. Qc4 Nxg3+ 34. hxg3 Qd8 (34... Rba2 {Wedberg} 35. Qc7 Rf8 36. Kg2
Ra6 37. Rb1 $18) 35. Qc1 Rb3 36. Kg2 Qf8 37. Qc7 1-0

[Event "Sinquefield Cup 2nd"]
[Site "Saint Louis"]
[Date "2014.08.29"]
[Round "3"]
[White "Topalov, Veselin"]
[Black "Nakamura, Hikaru"]
[Result "1-0"]
[WhiteElo "2772"]
[BlackElo "2787"]
[Annotator "Szabo,Kr"]
[PlyCount "73"]
[EventDate "2014.08.27"]
[EventType "tourn"]
[EventRounds "10"]
[EventCountry "USA"]
[EventCategory "23"]
[SourceTitle "CBM 162"]
[Source "ChessBase"]
[SourceDate "2014.09.17"]
[SourceVersion "1"]
[SourceVersionDate "2014.09.17"]
[SourceQuality "1"]

1. e4 e5 2. Nf3 Nc6 3. Bb5 a6 4. Ba4 Nf6 5. O-O b5 6. Bb3 Bc5 {This
Arkhalgelsk system is one of Nakamura's favourite weapons.} 7. c3 d6 8. a4 Rb8
9. h3 {A rare move, but this transposes to the main line.} (9. d4 Bb6 10. h3
O-O {is the same as the text move.}) 9... O-O 10. d4 Bb6 11. Re1 Bb7 12. axb5
axb5 13. Na3 exd4 14. cxd4 Na5 15. Bc2 b4 {Black has to create counterplay on
the queenside, otherwise the b5 P is lost.} 16. Nb1 Re8 (16... c5 {is more
popular,} 17. Bg5 h6 18. Bh4 cxd4 19. Qd3 b3 20. Bxb3 Nxb3 21. Qxb3 g5 22. Nxg5
hxg5 23. Bxg5 d3 $1 $13 {with a really complicated position, Navara-Shirov,
Carlsbad 2007.}) 17. Nbd2 b3 18. Bb1 ({In the event of} 18. Nxb3 $6 Nxb3 19.
Bxb3 Rxe4 {and Black looks nicely placed.}) (18. Bd3 $5 {was the alternative,}
Qd7 19. Ra3 Re7 20. d5 Rbe8 $132 {with a double-edged fight.}) 18... Qd7 19. e5
$6 $146 {A risky move since White's pieces are not well developed and Black's
Bs can be really strong.} (19. Qe2 $6 {was played in Kulaots-Caruana,
Gibraltar 2011, but Black should have been played} Nxe4 $1 20. Bxe4 f5 $36 {
with a nice initiative.}) ({Probably} 19. Ra3 {was a logical and solid reply,}
Re7 $13 {with an unclear middlegame.}) 19... dxe5 20. dxe5 Nh5 $1 $36 {Now
both Black Bs are extremely active.} 21. Ng5 $2 {This looks an aggressive move,
but is a tactical blunder.} ({The B sacrifice with} 21. Bxh7+ $2 {doesn't work
here, because of} Kxh7 22. Ng5+ Kh6 $1 23. e6 Bxf2+ $1 24. Kxf2 Qd4+ 25. Re3
Nc4 $19 {and Black is winning.}) ({In the event of} 21. Ne4 Qxd1 22. Rxd1 Nc4
$15 {and the e5 P is lost.}) 21... g6 $2 {Returns the favour. Nakamura missed
a strong tactical blow.} (21... Bxf2+ $1 {was the strongest reply} 22. Kxf2
Qd4+ 23. Re3 (23. Kf1 $2 Ng3# {mate.}) 23... Rxe5 24. Be4 (24. Bxh7+ Kf8 25.
Be4 Rxg5 $19) 24... Rxg5 25. Bxb7 Nxb7 26. Qxb3 Qd8 (26... Nf4 {was also
strong.}) 27. Nf3 Rd5 28. Re8+ Qxe8 29. Qxd5 Nf6 30. Qc4 Nc5 $1 $17 {and Black
is a P up with great winning chances.}) 22. e6 $1 {Topalov grabs the practical
chance to weaken Black's kingside.} fxe6 23. Qg4 Nf6 24. Qh4 Rf8 $6 (24... Bd5
{was more precise to stabilise the position,} 25. Ndf3 Nc6 26. Ra4 Rf8 {
and White has some compensation for the P, but not more.}) 25. Ndf3 $1 Bd5 26.
Ne5 Qg7 27. Bd2 $6 {An inaccuracy, now Black can again grab the initiative.} (
27. Ngf3 {was more accurate} Nh5 28. Be4 $36 {and White's pieces are very
powerful.}) 27... Nc6 (27... Nh5 $1 {was better} 28. Ngf3 Bxf3 29. gxf3 (29.
Nxf3 $2 Qxb2 $17) 29... Nc6 $1 {This is the point!} 30. Nxc6 Qxb2 31. Nxb8 Qxd2
32. Bxg6 $1 {The only chance.} hxg6 33. Rad1 Bxf2+ $1 34. Qxf2 Qg5+ 35. Qg2
Qxg2+ 36. Kxg2 Rxb8 {and White has to fight for draw.}) 28. Nxc6 Bxc6 $6 {
The reflex response.} ({Still Black had a strong intermediate move in} 28...
Nh5 $1 29. Bc3 (29. Nxb8 $2 {is losing, as} Bxf2+ 30. Qxf2 Rxf2 31. Kxf2 Qxb2
$19) 29... Bxf2+ 30. Qxf2 Rxf2 31. Ne4 $1 {Another important move.} Rxg2+ (
31... Bxe4 32. Bxe4 Qf8 33. Nxb8 Qc5 34. Kh2 Qd6+ 35. Kg1 Qc5 $11) 32. Kxg2
Nf4+ 33. Kg3 Nh5+ 34. Kg2 Nf4+ $11) 29. Bc3 $1 {An unpelasant move pinning the
N on f6. Now Black has to face some dangerous threats.} e5 $2 (29... Rbe8 {
was tougher} 30. Rxe6 Qd7 31. Rxc6 $1 Qxc6 32. Bd3 Re7 33. Qc4+ Qxc4 34. Bxc4+
Kg7 35. Ne6+ Rxe6 36. Bxe6 {+/=/+/- and White's chances are better.}) 30. Rxe5
$1 $18 {Topalov is playing very well, his position is already winning.} Nd5 31.
Qc4 $1 {Another strong reaction.} Bxf2+ (31... Rxf2 32. Kh1 $1 $18 {and the
f1-square is protected, Black can't avoid White's threats.}) 32. Kh1 Rb4 (32...
Bg3 33. Rxd5 $18) 33. Bxb4 ({Probably} 33. Qxc6 $1 $18 {was more accurate, but
the text move is also winning.}) 33... Qxe5 34. Be4 $1 Rf6 (34... Rd8 35. Qxc6
Nxb4 36. Qc4+ Nd5 37. Ra8 $1 $18 {this pretty move wins the game.}) 35. Rd1 Kg7
(35... Qxg5 36. Bxd5+ Bxd5 37. Rxd5 $18) 36. Bxd5 Bxd5 37. Qxd5 1-0